MARC details
| 000 -CABECERA |
| campo de control de longitud fija |
03802nam a2200301 4500 |
| 003 - IDENTIFICADOR DEL NÚMERO DE CONTROL |
| campo de control |
EC-UNACH |
| 005 - FECHA Y HORA DE LA ÚLTIMA TRANSACCIÓN |
| campo de control |
20251216141312.0 |
| 006 - CÓDIGOS DE INFORMACIÓN DE LONGITUD FIJA--CARACTERÍSTICAS DEL MATERIAL ADICIONAL |
| campo de control de longitud fija |
s||||gr|||| 00| 00 |
| 008 - DATOS DE LONGITUD FIJA--INFORMACIÓN GENERAL |
| campo de control de longitud fija |
150116t9999 mx r gr 000 0 spa d |
| 020 ## - NÚMERO INTERNACIONAL ESTÁNDAR DEL LIBRO |
| Número Internacional Estándar del Libro |
9978-94-112-6 |
| 040 ## - FUENTE DE LA CATALOGACIÓN |
| Centro catalogador/agencia de origen |
EC-UNACH |
| Centro/agencia transcriptor |
EC-UNACH |
| 041 ## - CÓDIGO DE LENGUA |
| Código de lengua del texto/banda sonora o título independiente |
spa |
| 082 04 - NÚMERO DE LA CLASIFICACIÓN DECIMAL DEWEY |
| Número de edición |
23 |
| Número de clasificación |
070.4 |
| Número de documento/Ítem |
L018513 |
| 110 ## - ENTRADA PRINCIPAL--NOMBRE DE ENTIDAD CORPORATIVA |
| Nombre de entidad corporativa o nombre de jurisdicción como elemento de entrada |
Flacso |
| 245 ## - MENCIÓN DE TÍTULO |
| Título |
La ciudad, escenario de comunicación |
| 250 ## - MENCIÓN DE EDICIÓN |
| Mención de edición |
Primera edición |
| 264 ## - Producción, publicación, distribución, fabricación y copyright |
| Lugar de producción, publicación, distribución, fabricación |
Ecuador |
| Nombre del de productor, editor, distribuidor, fabricante |
Flacso |
| Fecha de de producción, publicación, distribución, fabricación o copyright |
1999 |
| 300 ## - DESCRIPCIÓN FÍSICA |
| Extensión |
241 |
| 505 ## - NOTA DE CONTENIDO CON FORMATO |
| Nota de contenido con formato |
Índice PRESENTACION INTRODUCCION, Dorte Wollrad Ciudad, espacio publico y comunicación Ciudad Ciudadanía Espacio publico Comunicación Conclusiones PARTE I GOBIERNO DE LA CIUDAD Y COMUNICACION Políticas urbanas y producción de imágenes de la ciudad contemporánea: un análisis comparative entre Barcelona y Curitiba, Nuria Benach /Fernanda Sánchez Introducción Políticas de promoción de las ciudades y producci6n de imágenes Ciudades-espectáculo: innovación y comunicación ciudadana y construcción del consenso . Algunas consideraciones finales . Comentario, Marfa Arboleda Replica, Nuria Benach y Fernanda Sanche; Gobierno de la ciudad y comunicación, Fernando Carrión Introducción: la ciudad comunicadora Comunicación y ciudad: una realidad dinámica e histórica La ciudad es un medio de comunicación especial Ciudad y comunicaci6n: una relación distante Comentario, Alexandra Ayala La comunicaci6n es estratégica Relaciones sociales, relaciones de comunicación Crear otros escenarios y otras mediaciones Cambiar la forma de comunicación PARTE II CIUDAD, CIUDADANIA Y COMUNICACION Ciudadanos de la ciudad: cambios e incertidumbres comunicativas, Rosa Marfa Alfaro La ciudad sin fronteras: desde la mirada del barrio hacia la política Televisión, radio y prensa en las territorialidades políticas EI ciudadano en repliegue desde la ciudad-noticiero y despolitizada .. La protesta en la ciudad , Cornificaciones políticas de futuros inciertos <br/>Comentario, Marena Briones De la oralidad a la escritura Un punto de partida Ciudad y comunicación Dos preguntas claves La respuesta clave Territorio, comunicación e identidad -apuntes sobre la vida urbana-, Mabel Piccini El encuentro de los mundos: heterogeneidad y pluralidad cultural La pulverizaci6n del espacio publico Las tecnologías del poder Marginalidad De la asignación de identidades Territorios audiovisuales: vámonos por la paz La ciudad sin cuerpo y sin cuerpos: comentarios sobre el papel Comunicación intensificada y cultura ciudadana: Ciudadanía cultural y las organizaciones vecinales en la Cultura y territorio: dos conceptos claves para estudiar La preservación de las identidades territoriales: una estrategia de las jergas académicas para estigmatizar 10 urbano, Shanti Pillai .. Abstracciones y llantos Anónimos y reaccionarios Comentario, Pilar Núñez caso Bogotá, Antallas Mokus ciudad de México, Patricia Safa las organizaciones vecinales Ciudadana cultural y la lucha por la ciudad Las demandas vecinales para la democracia Reflexiones finales PARTE III LOS IMAGINARIOS Y LA URBE Ciudad, imaginarios y televisión, Armando Silva Comentario, Máximo Ponce Comentario, Fred)' Rivera Una comunicación con altura: una estrategia de comunicación para la ciudad de La Paz, Adalid Contreras La Paz es una ciudad mixtura La multiplicidad y heterogeneidad de los medios Una ciudad mestiza Principios . . Sistema municipal de comunicación <br/> |
| 650 ## - PUNTO DE ACCESO ADICIONAL DE MATERIA--TÉRMINO DE MATERIA |
| Término de materia o nombre geográfico como elemento inicial |
POLITICAS URBANAS |
| 650 ## - PUNTO DE ACCESO ADICIONAL DE MATERIA--TÉRMINO DE MATERIA |
| Término de materia o nombre geográfico como elemento inicial |
RELACIONES SOCIALES |
| 650 ## - PUNTO DE ACCESO ADICIONAL DE MATERIA--TÉRMINO DE MATERIA |
| Término de materia o nombre geográfico como elemento inicial |
LA PROTESTA EN LA CIUDAD |
| 700 ## - PUNTO DE ACCESO ADICIONAL--NOMBRE DE PERSONA |
| Nombre de persona |
Fernando Carrión / Dorte Wollrad |
| 942 ## - ELEMENTOS DE PUNTO DE ACCESO ADICIONAL (KOHA) |
| Fuente del sistema de clasificación o colocación |
Clasificación Decimal Dewey |
| Tipo de ítem Koha |
Libros |
| 999 ## - NÚMEROS DE CONTROL DE SISTEMA (KOHA) |
| Koha biblionumber |
14310 |